| 000 | 00556nam a22001937a 4500 | ||
|---|---|---|---|
| 005 | 20250715153949.0 | ||
| 008 | 250715b |||||||| |||| 00| 0 eng d | ||
| 020 | _a978-1-4737-6346-3 | ||
| 050 | _aHB 172 .M36 2018 | ||
| 100 | _aMANKIW GREGORY N. | ||
| 245 | _aMICROECONOMICS | ||
| 250 | _a2ND | ||
| 260 |
_aLONDON _bASHFORD COLOUR PRESS _c2018 |
||
| 300 | _aiii-418P. | ||
| 500 | _aIT HAS BIBLIOGRAPHIC INFORMATION LIKEGLOSSARY,INDEX;CREDITS AND LIST OF FORMULAS | ||
| 650 | _aECONOMICS | ||
| 700 | _aTAYLOR MARK P.,NCWADI R. | ||
| 942 |
_2lcc _cBK |
||
| 999 |
_c215895 _d215895 |
||